|
|
|
|
| LEADER |
00000nam a22000007a 4500 |
| 003 |
cru CIDCACS/IIS |
| 005 |
20180914160609.0 |
| 008 |
180914b1987 cr ||||| |||| 00| 0 spa d |
| 999 |
|
|
|c 41694
|d 41694
|
| 040 |
|
|
|c cru CIDCACS/IIS
|
| 090 |
|
4 |
|a REV0750 (13) 1987
|
| 100 |
1 |
|
|9 6110
|a Vidales, Raúl
|
| 110 |
2 |
|
|9 7636
|a Departamento Ecuménico de Investigaciones (DEI)
|
| 245 |
1 |
3 |
|a La razón vital en marcha
|c Raúl Vidales
|
| 260 |
|
|
|a San José, Costa Rica
|b DEI
|c 1987
|
| 300 |
|
|
|a 15-20 páginas
|
| 650 |
1 |
7 |
|2 Macrotesauro OCDE
|9 3285
|a TEOLOGIA DE LA LIBERACION
|
| 650 |
1 |
7 |
|2 Macrotesauro OCDE
|9 4725
|a INDIGENAS
|
| 650 |
1 |
0 |
|2 Macrotesauro OCDE
|9 2023
|a POLITICA AGRARIA
|
| 650 |
1 |
0 |
|2 Macrotesauro OCDE
|9 3977
|a EXTRACCIÓN DE PETRÓLEO
|
| 651 |
1 |
0 |
|9 17
|a AMERICA LATINA
|
| 651 |
1 |
0 |
|9 4609
|a CARIBE
|
| 773 |
0 |
|
|0 41641
|9 2254
|a Departamento Ecuménico de Investigaciones (DEI)
|d San José, Costa Rica Departamento Ecuménico de Investigaciones (DEI)
|o 20040
|t Pasos /
|
| 942 |
|
|
|2 ddc
|c PP
|